000 01775nam0a2200361 4500
001 RU\NLR\BIBL_A\010260276
005 20260408165920.0
010 _a978-5-93332-450-8
035 _a(NLR Aleph) 010260276
090 _a10455308
_c10455308
100 _a20140320d2013 u y0rusy50 ca
101 0 _arus
102 _aRU
105 _aac||b|||000yy
200 1 _aКарл Брюллов
_eиз частных коллекций Москвы и Санкт-Петербурга
_e[каталог произведений
_fавт. ст., аннот. и сост.: Григорий Голдовский]
210 _aСанкт-Петербург
_cPalace Editions
_d2013
215 _a111, [1] с.
_cил., цв. ил., портр.
_d32
225 1 _aАльманах
_fРусский музей
_vвып. 386
320 _aБиблиогр. в тексте
600 1 _aБрюллов
_bК. П.
_f1799 - 1852
_gКарл Павлович
_jКаталоги
_91180850
_3RU\NLR\AUTH\66157515
606 _aКоллекционирование (иск.)
_yРоссия
_jКаталоги
_3RU\NLR\AUTH\66551295
_91326298
686 1 _aЩ101г(2Р)л61
686 1 _aЩ143(2Р=Рус)51-8Брюллов л61
686 1 _aЩ153(2Р=Рус)51-8Брюллов л61
702 1 _aГолдовский
_bГ.Н.
_gГригорий Наумович
_4220
702 1 _4570
_8rus
_7ca
_aБрюллов
_bК. П.
_cхудожник
_f1799-1852
_gКарл Павлович
_3RU\NLR\AUTH\7788672
_971600
712 0 2 _4570
_aГосударственный Русский музей
_cСанкт-Петербург
_3RU\NLR\AUTH\883719
_9278750
942 _cBOOK
980 _aNBR
980 _aNB